Một số vấn đề vùng kinh tế XHCN
Guardat en:
| Format: | Llibre |
|---|---|
| Idioma: | Undetermined |
| Publicat: |
Hà Nội
KHKT
1971
|
| Matèries: | |
| Etiquetes: |
Afegir etiqueta
Sense etiquetes, Sigues el primer a etiquetar aquest registre!
|
| Thư viện lưu trữ: | Trung tâm Học liệu Trường Đại học Cần Thơ |
|---|
| LEADER | 00480nam a2200157Ia 4500 | ||
|---|---|---|---|
| 001 | CTU_5338 | ||
| 008 | 210402s9999 xx 000 0 und d | ||
| 082 | |a 330.9 | ||
| 082 | |b M458 | ||
| 245 | 0 | |a Một số vấn đề vùng kinh tế XHCN | |
| 260 | |a Hà Nội | ||
| 260 | |b KHKT | ||
| 260 | |c 1971 | ||
| 650 | |a economic geography,economic policy,socialism | ||
| 904 | |i Nguyễn Quang Điền, 960713 | ||
| 980 | |a Trung tâm Học liệu Trường Đại học Cần Thơ | ||